[Event "Elbow Beach Club GM-B"]
[Site "Paget Parish"]
[Date "2001.01.28"]
[Round "9"]
[White "Thorhallsson, Throstur"]
[Black "Tyomkin, Dimitri"]
[Result "1/2-1/2"]
[WhiteElo "2462"]
[BlackElo "2496"]
[Annotator "Tyomkin,D"]
[PlyCount "60"]
[EventDate "2001.01.19"]
[EventType "tourn"]
[EventRounds "11"]
[EventCountry "BER"]
[EventCategory "9"]
[SourceTitle "CBM 081"]
[Source "ChessBase"]
[SourceDate "2001.03.20"]
[SourceVersion "1"]
[SourceVersionDate "2001.03.20"]
[SourceQuality "1"]

1. e4 c5 2. Nf3 d6 3. d4 cxd4 4. Nxd4 Nf6 5. Nc3 Nc6 6. Bc4 Qb6 7. Nxc6 bxc6 8.
Qe2 g6 9. O-O Ng4 $1 {[%mdl 4] This move was discovered in 98', and there were
only few games played in this line. Our game has a value in development of
this variation.} 10. Bb3 ({An attempt to refute black's original idea was
tried in the game of two young players:} 10. Be3 $146 {Tyomkin,D} Qc7 (10...
Nxe3 11. fxe3 {[%csl Rf7]} f6 {[%cal Gf8h6] black will not castle in close
future, buthis position looks safe.}) 11. Bd4 e5 {Just forces e7-e5,which is
shutting up the diagonal h8-a1.} 12. Be3 Bg7 13. Rad1 O-O 14. Qd3 d5 $1 {
It leads to some tactical struggle,but in the end of it black gets the
balanced ending.} 15. exd5 e4 16. d6 exd3 17. dxc7 dxc2 18. Rc1 Nxe3 19. fxe3
Bxc3 20. bxc3 Be6 $11 {1/2-1/2 De Vreugt,D-Blehm,P/Yerevan 1999/CBM 72 ext (45)
}) ({Comments of Leon Gofshtein in CBM64 to this source game could be
important:} 10. b3 Bg7 11. Bb2 Qa5 $5 12. Qd2 $6 Qe5 $1 13. g3 Qh5 14. f3 Qc5+
15. Kh1 Qe3 $11 {1/2-1/2 Giaccio,A-Zarnicki,P/Villa Gisell 1998/CBM 64/
[Gofshtein,L] (29)}) 10... Bg7 11. Na4 $5 $146 {[%mdl 4] This move is logical
and very principal as well. White intends to play c4, turing off the diagonal
a6-f1. Black has to play exactly here to prove the necessity of Ng4 here. The
previous attempt of white in this position-11.h3, was unsuccessful here.} (11.
h3 {Tyomkin,D} Ne5 12. Be3 Qa6 {It forces white to go to the ending, which is
really convenient for black, as it usually happens in Sicilian Defense.} (12...
Qa5 $5 13. f4 $140 Ba6 14. Qf2 Nc4 (14... Bxf1 $2 15. fxe5 {[%csl Rf7] xf7})) (
12... Ba6 $5 13. Qd2 Qb7 $11) 13. f4 (13. Qd2 Nc4 (13... Bxh3 $2 {[%cal Ye5f3]}
14. f4) 14. Bxc4 Qxc4 $15) 13... Qxe2 14. Nxe2 Nd7 $11 {0-1 Dervishi,E-Tyomkin,
D/Verona 2000/CBM 75/[Tyomkin,D] (49)}) 11... Qa6 {Alternative is Qb5 with
idea to move it over 5th rank, after the logical answer-12.c4.} (11... Qb5 $5
12. c4 (12. Qxb5 cxb5 13. Nc3 Bxc3 $5 14. bxc3 Be6 15. f3 Ne5 $13) 12... Qe5
13. g3 (13. f4 Qh5 14. g3 (14. h3 Bd4+ 15. Kh1 Qh4 $36 {[%csl Yf2][%cal Rh4g3]
/\Qg3}) 14... Bd4+ 15. Kh1 f5 $5 $36) 13... Qh5 14. h4 Bd4 $13) 12. c4 Rb8 $1 {
[%cal Gb8b4] Very useful move with the idea 13...Rb4 and after 14.Nc3 black
has 14...Rxb3.} 13. Bd2 (13. h3 Ne5 14. f4 Nd7 15. Bd2 Nb6 $1 {[%cal Gc8e6]
Forcing white to trade, otherwise 16...Be6 is coming.}) 13... Ne5 (13... O-O $5
14. f4 $1 $14 {Cutting off e5 square from black knight.} (14. Bc3 Bxc3 15. Nxc3
Ne5 {[%cal Gc8e6,Yc8g4,Rg4e6] /\Be6,/\Bg4} 16. f4 $140 Bg4 17. Qf2 Nxc4 18. Qh4
Qb6+ {/\Ne3})) 14. Bc3 (14. f4 Bg4 (14... Nd7 {the alternative way, if 14...
Bg4 doesn't work.}) 15. Qe3 Nxc4 16. Qd3 Be6 (16... d5 17. f5 $1) 17. Rac1 $13
(17. f5 gxf5 18. exf5 Bd5 {and black is probably all right.} 19. Rac1 Rg8 $132)
) 14... O-O 15. f4 Nd7 16. Bxg7 Kxg7 {White has some space advantage here, but
black doesn't suffer from it because there are enough place for all black
pieces.} 17. Kh1 (17. Qd2 $5 {[%csl Yb4,Yc3,Yd4] taking control over dark
squares.}) 17... Rb4 18. Qc2 Kg8 (18... Qa5 {[%cal Gc8a6]} 19. a3 Rb8 $11 20.
Ba2 $1 {and this is very semilar to the game.}) 19. a3 (19. c5 $5 dxc5 20. a3
Rd4 $11) 19... Rb8 20. Ba2 {[%cal Ga4c3] Finally white can move their light
pieces on the queenside, and b4-move is coming as well.} Nb6 $1 {preventing
Nc3. Both sides play very logically this game.} 21. Nxb6 Qxb6 22. b4 a5 (22...
c5 23. b5 $14) 23. Rab1 axb4 24. axb4 Qd4 {Transfering the queen to the
queenside.} 25. Rbd1 Qg7 (25... Qf6 $143 {Black queen can be attacked here by
e4-e5.}) 26. Qd2 $14 {Whte keeps some edge thanks to advantage in space, but
black should achieve a draw by accurate play.} c5 (26... Ra8 27. Rfe1 {[%cal
Ge4e5] /\e5} Bg4 (27... Be6 28. f5 $1 gxf5 $140 29. exf5 Bxf5 30. Rxe7 {
[%csl Rc6,Rd6]}) 28. Rc1 $14) 27. b5 Bb7 28. Bb1 Ra8 29. Qe2 {Missing the way
to continue the fight:} (29. e5 $1 Rfd8 (29... dxe5 30. Qd7 $16) 30. Qe3 $14 {
Black has some problems here, and maybe he is forced to play like:} f5 $5 {
with the chances to save.}) 29... Rfd8 30. Rd2 Qc3 {Having few minutes on the
clock, anyone didn't want to eisk in forthcoming mutual time-trouble, so the
draw was agreed.} (30... Qc3 31. Rf3 Qa1 32. Rf1 Qc3 $11) 1/2-1/2

[Event "Verona op"]
[Site "Verona"]
[Date "2000.01.05"]
[Round "5"]
[White "Dervishi, Erald"]
[Black "Tyomkin, Dimitri"]
[Result "0-1"]
[WhiteElo "2478"]
[BlackElo "2516"]
[Annotator "Tyomkin,D"]
[PlyCount "98"]
[EventDate "2000.01.??"]
[EventType "swiss"]
[EventRounds "7"]
[EventCountry "ITA"]
[EventCategory "7"]
[SourceTitle "CBM 075"]
[Source "ChessBase"]
[SourceDate "2000.04.05"]
[SourceVersion "1"]
[SourceVersionDate "2000.04.05"]
[SourceQuality "1"]

{In this game I was glad because of my successful opening preparation: I got
convenient ending with equal chances with black in variation, in which my
opponent crashed few good GM's almost from the opening} 1. e4 c5 2. Nf3 d6 3.
d4 cxd4 4. Nxd4 Nf6 5. Nc3 Nc6 6. Bc4 Qb6 7. Nxc6 {This variation-7.Nxc6
became popular after the game Topalov-Kramnik-see 8...e6, in which Topalov
certainly won.} bxc6 8. O-O g6 {This way of development of the bishop looks
more natural for me.The only problem after g6 could be the central break of
white by e4-e5, but in this game I found the way to prevent it.} (8... e6 9.
Qe2 Nd7 10. b3 Be7 11. Bb2 O-O 12. Na4 Qc7 13. f4 Bb7 14. Rad1 Rae8 15. Rd3 c5
16. Bb5 Bc6 17. Bxc6 Qxc6 18. c4 Rd8 19. Rfd1 Rfe8 20. Qf3 $16 {1-0 Topalov,
V-Kramnik,V/Novgorod 1996/CBM 54 (34)}) 9. Qe2 {[%cal Ge4e5] The idea is very
clear-to break by e4-e5.} Ng4 $1 {[%mdl 4] All credits for this move to Mr.
Zarnicki! In my preparation to this game I simply couldn't believe that this
move simply solves all black's problems. In two games previously played with
this move black got fine positions, and} ({This logical move lead to some
troubles of black, as it was shown by my opponent in his two games in Olimpiad
in Elista.} 9... Bg7 10. e5 dxe5 11. Qxe5 Nh5 ({An attempt to fi nish
development by sacrifice of pawn-e7,but black didn't find a compensation:} 
11... O-O 12. Qxe7 Qd4 13. Bb3 Be6 14. Be3 Qh4 15. Bxe6 Rae8 16. Qxa7 Rxe6 17.
h3 $16 {1-0 Dervishi,E-Ricardi,P/Elista RUS 1998 (37)}) 12. Qe2 Qc7 13. Re1 e6
14. Qf3 O-O {[%csl Rc6,Rc8,Rh5] Black finished the development without any
loss of material, but his position with N on-h5 and blocked B on-c8 looks
really unpleasant.} 15. Ne4 Qa5 16. Bg5 Qf5 17. Qe3 $16 {1-0 Dervishi,
E-Makarov,M/Elista RUS 1998 (74)}) 10. Bb3 $146 ({An attempt to refute blakc's
original idea was tried in the game of two Dutch players:} 10. Be3 $5 $146 Qc7
(10... Nxe3 11. fxe3 {[%csl Rf7]} f6 {[%cal Gf8h6] black will not castle in
close future, buthis position looks safe.}) 11. Bd4 e5 {Just forces e7-e5,
which is shutting up the diagonal h8-a1.} 12. Be3 Bg7 13. Rad1 O-O 14. Qd3 d5
$1 {It leads to some tactical struggle,but in the end of it black gets the
balanced ending.} 15. exd5 e4 16. d6 exd3 17. dxc7 dxc2 18. Rc1 Nxe3 19. fxe3
Bxc3 20. bxc3 Be6 $11 {1/2-1/2 De Vreugt,D-Blehm,P/Yerevan 1999/CBM 72 ext (45)
}) ({Comments of Leon Gofshtein in CBM64 to this source game could be
important:} 10. b3 Bg7 11. Bb2 Qa5 $5 12. Qd2 $6 Qe5 $1 13. g3 Qh5 14. f3 Qc5+
15. Kh1 Qe3 $11 {1/2-1/2 Giaccio,A-Zarnicki,P/Villa Gisell 1998/CBM 64/
[Gofshtein,L] (29)}) 10... Bg7 11. h3 Ne5 12. Be3 Qa6 {It forces white to go
to the ending, which is really convenient for black, as it usually happens in
Sicilian Defense.} (12... Qa5 $5 13. f4 $140 Ba6 14. Qf2 Nc4 (14... Bxf1 $2 15.
fxe5 {[%csl Rf7] xf7})) (12... Ba6 $5 13. Qd2 Qb7 $11) 13. f4 (13. Qd2 Nc4 (
13... Bxh3 $2 {[%cal Ye5f3]} 14. f4) 14. Bxc4 Qxc4 $15) 13... Qxe2 14. Nxe2 Nd7
$11 {[%mdl 4096]} 15. c3 Ba6 16. Rf2 O-O 17. Rd1 {[%cal Ge4e5] White has a
little bit more space, but it is totaly useless. On other hand, black may
create a play over the queenside.} Nb6 18. Nd4 Bb7 (18... c5 19. Nc6 Rfe8 20.
f5 $1 {and white gets some activity.}) 19. Nf3 c5 20. Nd2 a5 21. a3 Rab8 22. e5
$5 {Otherwise black will continue the pressure on the queenside.} a4 {[%csl
Rb2] Pawn b2 will be the target of black's attack.} (22... Nd5 $2 23. Bxd5 Bxd5
24. exd6 exd6 25. Nf1 {[%csl Rd5,Rd6] xd6}) 23. Ba2 (23. Bc2 $6 Nd5 {[%cal
Gd6e5]}) 23... Bd5 24. Bb1 Nc4 $1 {[%csl Rb2] Pawn d6 is tacticaly protected.}
25. Nxc4 Bxc4 26. exd6 exd6 27. f5 {Intending f5-f6, but black just moves out
the bishop from g7.} (27. Rxd6 $2 Rfe8 $1 {[%csl Rb1,Re3]}) 27... Rfe8 28. Bf4
Be5 29. Bxe5 Rxe5 30. f6 $6 {White is still ambitious about his position.} d5
$15 {[%csl Rf6] Black king is stalled on-g8, but it's just matter of
time-balck can safely move it to e8.} 31. Kh2 Kf8 32. Bd3 Bb3 (32... Bxd3 33.
Rxd3 Rb6 $11) 33. Rdd2 (33. Bc2 Bxc2 34. Rxc2 Rb6 35. Rcd2 Rd6 {[%csl Rf6]
[%cal Gf8e8,Ge8d7,Gd7c6]}) 33... Rb6 34. g4 {[%cal Gh3h4,Gg4g5]} h6 35. h4 g5
36. hxg5 hxg5 37. Rde2 Rxe2 38. Bxe2 Bc2 {[%cal Gd5d4] /\d4 In this stage of
the game I had a time-pressure, and my opponent had more than half an hour.
But actually, the game was decided on close moves.} (38... d4 39. cxd4 cxd4 40.
Kg3 Bc2 {-38...Bc2}) 39. Kg3 (39. Bf3 Rxf6 40. Rxc2 Rxf3 41. Rd2 c4 42. Rxd5 (
42. Kg2 Rd3 43. Rxd3 cxd3 44. Kf3 f5 $19) 42... Rf2+ 43. Kg1 Rxb2 {Black has
pawn up and good chances for a win in this rooks ending.}) 39... d4 40. Bc4 (
40. cxd4 cxd4 41. Bc4 d3 (41... Rxb2 $2 42. Kh2 $1 {[%cal Rc4d3] /\Bd3}) (41...
Bg6 $17) 42. Rd2 Rd6 $17) 40... d3 $6 $138 {Time-trouble miss, which gives
white chances to save.} (40... Bg6 $17 {and after d4-d3, white will not threat
to capture the pawn on -d3, as it was in the game.}) 41. Bd5 $2 {White intends
to outpost his bishop on-d5, but black has a simple way to win.} (41. Rd2 $143
Rd6 (41... Bb1 42. Rd1 Rxb2 43. Bxd3 $11)) 41... Rd6 42. c4 (42. Be4 Bb1 $1 43.
Rf1 (43. Rd2 Rxf6) 43... Ba2 $17 {[%cal Ga2b3]}) 42... Bd1 $1 $19 {[%cal Gd1e2]
} 43. Rd2 Be2 {[%csl Rf6] This bishop made a perfect work in this game!} 44.
Kf2 (44. Be4 Rd4 45. Bf3 Bxf3 46. Kxf3 Ke8 $19 {[%cal Ge8d7,Gd7e6]}) (44. Bf3
Bxf3 45. Kxf3 Rxf6+ 46. Ke4 Rd6 47. Rxd3 Rxd3 48. Kxd3 Ke7 $19 {[%cal Ge7e6,
Gf7f5] Creating the passed pawn on the kingside.}) 44... Rxf6+ 45. Ke3 Rf4 46.
b3 axb3 47. Rb2 Bd1 $1 {[%csl Rb2] The last exact move of black in this game-
white rook is stalled on-b2.} 48. Kxd3 Bc2+ 49. Kc3 Rxg4 0-1

[Event "Asia-ch"]
[Site "Kolkata"]
[Date "2001.08.11"]
[Round "3"]
[White "Wohl, Aleksandar H"]
[Black "Wang, Zili"]
[Result "0-1"]
[WhiteElo "2371"]
[BlackElo "2557"]
[Annotator "Tyomkin,D"]
[PlyCount "80"]
[EventDate "2001.08.09"]
[EventType "swiss"]
[EventRounds "11"]
[EventCountry "IND"]
[SourceTitle "CBM 085"]
[Source "ChessBase"]
[SourceDate "2001.11.13"]
[SourceVersion "1"]
[SourceVersionDate "2001.11.13"]
[SourceQuality "1"]

1. e4 c5 2. Nf3 d6 3. d4 cxd4 4. Nxd4 Nf6 5. Nc3 Nc6 6. Bc4 Qb6 7. Ndb5 a6 8.
Be3 Qa5 (8... Qd8 {-is an alternative for black here, but this move is less
popular;}) 9. Nd4 e6 {In my opinion, other moves are better for black than 9...
e6:} (9... Ng4 10. Nxc6 bxc6 11. Bd2 g6 12. Qe2 Bg7 13. O-O O-O {1/2-1/2
Rivera,D-Garcia Ilundain,D/Malaga ESP 2001/The Week in Chess 332 (13)}) (9...
Ne5 {Gofshtein,L} 10. Nb3 Qc7 11. Be2 e6 12. f4 Nc4 13. Bxc4 Qxc4 14. Qf3 e5
$146 {[%mdl 8]} 15. f5 (15. h3) 15... b5 16. O-O-O (16. Bg5 {Gofshtein,L} b4
17. Nd2 Qc6 $132 18. Ne2) 16... Bd7 (16... b4 $6 {Gofshtein,L} 17. Nd2 (17. Na5
$2 Qc7 18. Nd5 Qxa5 19. Bb6 Qxa2 20. Nc7+ Kd7 21. Nxa8 Bb7 $19) 17... Qc6 18.
Nd5 Nxd5 19. exd5 Qa4 20. Kb1 Bb7 21. Ne4 $36) (16... Bb7 {Gofshtein,L} 17. Na5
(17. Nd2 Qc6 $132) 17... Bxe4 18. Nxc4 Bxf3 19. Nxd6+ Bxd6 20. gxf3 $14) 17.
Kb1 Rc8 (17... b4 {Gofshtein,L} 18. Nd5 Nxd5 19. Rxd5 Rc8 20. Rc1) 18. Rc1 h6 {
[%csl Rd5,Rg5] 0-1 Macieja,B-Blehm,P/Warsaw 2001/CBM 82/[Gofshtein,L] (57)
Profilactice move} (18... b4 {Gofshtein,L} 19. Nd2 Qc7 20. Nd5 Nxd5 21. exd5
$13)) 10. O-O Be7 11. Bb3 O-O 12. f4 Bd7 13. Qe1 $146 {White gets better play
by 13.f5:} (13. f5 Nxd4 14. Bxd4 exf5 (14... Rac8 15. Qe1 {[%cal Rc3d5]} Bd8
16. fxe6 Bxe6 17. Kh1 Qh5 18. Qg3 $14 {1-0 Todorovic,G-Kozul,Z/JUG-ch 1990/CBM
17 (60)}) (14... e5 15. Bf2 Bc6 16. Bh4 $14 {1-0 Felsberger,A-Videki,S/Vienna
1990/CBM 21 (32)}) 15. exf5 Bc6 16. Qd3 $14 {1/2-1/2 Kindermann,S-Gulko,B/
Munich 1990/CBM 18 (29)}) 13... Rae8 $5 {Black gets ready for f4-f5 of white;}
14. Qg3 Qh5 15. f5 Nxd4 16. Bxd4 exf5 (16... e5 17. Be3 $14 {[%csl Yd5][%cal
Ge3g5]}) 17. Nd5 Qg6 18. exf5 (18. Nxe7+ Rxe7 19. Qxd6 Rxe4 $1 20. Bxf6 Bc6 {
[%cal Ge4e2]} 21. Rf2 $11) 18... Bxf5 19. Nxf6+ (19. Nxe7+ Rxe7 20. Qf2 Be6 21.
Bxf6 $11) 19... Bxf6 20. Bxf6 Qxf6 {Now white can not use the pin over f-file,
but still can get equal position by 21.Qf3;} 21. Rfd1 $2 {After this move
black is just up a pawn;} (21. Qf3 Qd4+ 22. Kh1 Be6 (22... Be4 23. Bxf7+ Kh8
24. Qd1 $11) 23. Qxb7 Qxb2 24. Qxa6 Bxb3 25. cxb3 Re2 26. Qb7 $11) 21... Re5
$17 22. Rd2 Qe7 23. Rad1 Bg4 $1 24. Rf1 (24. Qxg4 $4 Re1+ $19) 24... Bh5 25. h3
Kh8 26. Qf4 {For some reason white doesn't place his bishop to d5....} f5 27.
Qd4 Rf6 28. Qh4 Qe8 (28... f4 $5 {[%cal Gf4f3]} 29. Rxf4 $140 $2 Re1+ 30. Kh2
Qe5 31. g3 Re2+ 32. Rxe2 Qxe2+ 33. Kg1 Bf3 $19) 29. Qd4 h6 30. Qb6 Qe7 $2 {
Quite risky decision- white is taking back his pawn, but black is trusting in
his attack over the kingside;} ({Black could go on with a pawn up by:} 30...
Qc6 $142 $17) 31. Bd5 Be2 32. Rf2 $2 {Missing the best defensive chance:} (32.
Rf4 $142 Bb5 33. Qxb7 Re1+ 34. Kh2 Qe5 35. Qb8+ Be8 36. g3 {and black doesn't
have anything decisve, although white king is completely open;}) 32... Bb5 33.
Qxb7 Re1+ 34. Kh2 Qe5+ 35. g3 f4 {That was the idea of black- now the attack
looks very strong, but white can still survive;} 36. Qc8+ Be8 37. Qg4 $2 {
This move loses at once. Unfortunately white didn't find obvious:} (37. Qc3
Qxc3 38. bxc3 fxg3+ 39. Kxg3 Re3+ $17 {and black should work very hard to win
in this ending;}) {Now everything is easy:} 37... h5 38. gxf4 {[%tqu "En","",
"","","e5d5","",10]} Qxd5 $1 39. Qxg7+ Kxg7 40. Rxd5 h4 {[%csl Rh2][%cal Ge8c6,
Ye1h1]} (40... h4 41. Rg5+ Rg6 42. Rfg2 Rxg5 43. Rxg5+ Kf6 44. Rg4 Re2+ $19 {
[%csl Gb2,Gc2]}) 0-1

[Event "Montreal 6th"]
[Site "Montreal"]
[Date "2005.08.06"]
[Round "4"]
[White "Kogan, Artur"]
[Black "Tyomkin, Dimitri"]
[Result "1/2-1/2"]
[WhiteElo "2580"]
[BlackElo "2467"]
[Annotator "Tyomkin,D"]
[PlyCount "86"]
[EventDate "2005.08.03"]
[EventType "tourn"]
[EventRounds "11"]
[EventCountry "CAN"]
[EventCategory "12"]
[SourceTitle "CBM 109"]
[Source "ChessBase"]
[SourceDate "2005.11.14"]
[SourceVersion "1"]
[SourceVersionDate "2005.11.14"]
[SourceQuality "1"]

{The games between good friends sometimes turn to big battles! Three draw
offers were turned down in this game, and one was accepted.} 1. e4 c5 2. Nf3 d6
3. Nc3 Nc6 4. d4 cxd4 5. Nxd4 Nf6 6. Bc4 Qb6 7. Nde2 e6 8. O-O Be7 9. Ng3 a6 {
9...0-0 is premature, but still playable.} (9... O-O 10. a3 (10. Bb3 Na5 11.
Bg5 h6 12. Be3 Qc6 13. Qe2 Nxb3 14. axb3 a6 15. f4 b5 16. e5 Ne8 (16... dxe5
17. fxe5 Nd7 18. Bd4 Bb7 19. Nce4 $14) 17. Nce4 f6 18. exf6 $6 (18. Bd4 $5)
18... Nxf6 19. Bd4 Nxe4 20. Nxe4 Bb7 $15 {0-1 Thipsay,P-Dorfman,J/Delhi 1982/
MCD (26)}) 10... a6 11. Kh1 Ne5 12. Be2 Qc6 13. f4 Ng6 14. Bd3 b5 15. Nh5 Bb7
16. f5 Ne5 17. Bg5 Ned7 18. Qf3 Rae8 19. fxe6 fxe6 20. Qh3 Bd8 21. Nxf6+ Bxf6
22. e5 $1 $36 {1/2-1/2 Dvoirys,S-Lugovoi,A/Elista 1995/CBM 050/[Giese] (42)})
10. Bb3 Qc7 $146 {Strange, but this typical move for such positions appears to
be a novelty... 10...h5 is quite a commitment- Black won't castle kingside in
this game.} (10... h5 11. h3 h4 12. Nge2 Qc7 (12... Na5 13. Kh1 Qc7 14. a4 b6
15. Be3 Bb7 16. Qd4 d5 17. exd5 Bc5 18. Qf4 Bd6 (18... Qxf4 19. Nxf4 Nxb3 20.
cxb3 exd5 $15) 19. Qd4 Bc5 20. Qd3 Nxb3 21. cxb3 Bxd5 22. Nxd5 Nxd5 23. Bxc5
Qxc5 (23... bxc5 $5) 24. Rac1 Qe7 25. Nc3 $11 {1/2-1/2 Georgiev,K-Topalov,V/
Las Palmas 1993 (43)}) 13. f4 (13. a4 $1 {Rechlis; It's clear that Black
cannot castle kingside, with this move White puts some pressure on the
queenside which will make it difficult for Black to castle there.}) 13... b5
14. a3 Na5 15. Kh1 (15. f5 $142) (15. Ba2 Nc4 16. b3 Nb6 17. Be3 Bb7 18. Qd4
Nbd7 19. b4 g6 20. Rad1 Qc6 21. Rf2 Rh5 $15 {0-1 Hector,J-Lerner,K/Genova 1989/
EXT 97 (39)}) 15... Bb7 16. Qd3 d5 $1 $15 {1-0 Mueller,K-Wilhelmi,C/Hamburg
1996/CBM 056/[Rechlis,G] (40)}) 11. Nh5 (11. Bg5 O-O 12. Nh5 Nxh5 13. Bxe7 Qxe7
14. Qxh5 b5 {White has a slight edge here;}) 11... Nxh5 12. Qxh5 Qa5 {Black
delays the castle, first trying to prevent White's possible attack on the
kingside; the ending is definitely good for Black, as it happens in most of
the Sicilian endings (Sicilian players know that very well! :-);} (12... O-O {
Black is a bit passive here, but perhaps may equalize playing precisely;}) 13.
Qg4 Bf6 14. Qg3 O-O $5 {Here I decided to castle, hoping to get a strong
initiative if white accepts the sacrifice;} (14... Nd4 $5 15. Qxd6 Bd7 {
following with Rd8 with a nice compensation;}) 15. Bd2 {Arthur didn't like the
scenario for white in 15.Qxd6 line;} (15. Qxd6 Nd4 (15... Bxc3 16. bxc3 Qxc3
17. Be3 Rd8 18. Qc7 $14) (15... Be5 16. Qd3 Rd8 17. Qh3 Nd4 18. Be3 $14) 16.
Bf4 {[%cal Gd6c7]} Rd8 17. Qc7 Qh5 $44 {[%cal Gd8d7]}) 15... Nd4 $1 {Black
intends Qxc3, but almost any move of white prevents this idea;} 16. Rae1 Qh5
17. Qd3 b5 $15 {Black has won the opening battle-Black 's pieces take active
positions, while White is lacking a good plan;} 18. Re3 Bb7 (18... Nxb3 19.
axb3 Qc5 {[%cal Gc5d4,Gc8b7]}) 19. Rh3 Qg6 20. Rg3 Qh5 {Virtually offering a
draw, but...} 21. Bg5 {An attempt to play for a win- Arthur demonstrates the
fighting spirit! I totally missed this move, but fortunately it's not harmful
for Black;} Bxg5 22. Qxd4 Qh6 {[%cal Yh6g7,Yg5f4]} 23. Rh3 Qf6 (23... Qg6 24.
Qxd6 Rfd8 25. Qc7 Bxe4 26. Rg3 $1 $14 {and Black's bishops are in the air;})
24. Qxd6 Bf4 25. Qb6 {Bluffing game!} (25. Qd3 Qg6 (25... b4 26. Na4 Qe5 27. g3
Bh6 28. f4 $1 Qxe4 29. Qxe4 Bxe4 30. g4 {and suddenly White wins the Bh6!}) 26.
Re1 b4 27. Ne2 Be5 28. Nd4 Rfd8 29. c3 Rac8 $15) 25... Rab8 26. Rd1 Rfc8 $1 {
[%cal Gf4c7,Gb7c6] Consolidating the forces;} 27. Rdd3 $6 (27. a3 Qe7 28. Qa5 (
28. Qa7 Qc7 $15) 28... Rd8 29. Rhd3 Rxd3 30. cxd3 (30. Rxd3 Bc1 $1) 30... Qd6
31. g3 Be5 {with a domination on the dark squares and diagonals;}) 27... Bc6 $1
$17 28. Qd4 (28. Qxa6 b4 $17 {[%csl Ge4]}) 28... Qxd4 $2 {I was just too happy
to get a better ending, and even didn't check the other moves... Carelessness.}
(28... b4 29. Ne2 (29. Qxf6 gxf6 30. Ne2 Be5 $17) (29. Na4 e5 30. Qa7 Bxe4 $19)
29... Be5 30. Qe3 Qg6 31. f3 Bb5 $17 {[%cal Ge5b2]}) 29. Rxd4 a5 (29... Bc1 30.
Nd1 e5 31. Rd6 Bxe4 32. c3 a5 $17) 30. a3 Be5 $2 (30... Bc1 31. Nd1 e5 32. Rd6
Bxe4 $17) (30... g5 $5 {The move suggested by Igor Nataf also leads to Black's
advantage;}) 31. Rd1 a4 32. Ba2 b4 33. axb4 Rxb4 34. b3 Bxe4 $6 $11 {in a
mutual time-trouble I didn't find a better way than a drawn ending, while
Black is still better after 34...a3;} (34... a3 35. Nb1 g5 $1 36. f3 Be8 37. c4
$15) 35. Nxe4 Rxe4 36. bxa4 $11 {A draw is obvious now;} Rxa4 37. Bb3 Ra1 38.
Rxa1 Bxa1 39. Rd3 Bf6 40. f4 Rd8 41. Rxd8+ Bxd8 42. Kf2 Kf8 43. Ke3 Ke7 1/2-1/2